Biggest Cities in the Netherlands - Extreme - Statistics

General Stats
  • This quiz has been taken 889 times
  • The average score is 40 of 75
Answer Stats
Population City % Correct
741,636 Amsterdam
100%
84,811 Amsterdam-Zuidoost
100%
598,199 Rotterdam
99%
474,292 Den Haag / The Hague
98%
290,529 Utrecht
94%
209,620 Eindhoven
91%
181,194 Groningen
91%
122,378 Maastricht
84%
167,673 Breda
81%
199,613 Tilburg
81%
147,590 Haarlem
78%
158,732 Nijmegen
78%
141,674 Arnhem
77%
176,432 Almere
76%
153,655 Enschede
75%
94,853 Alkmaar
72%
111,805 Zwolle
72%
119,713 Leiden
71%
134,520 's-Hertogenbosch / Den Bosch
71%
136,670 Apeldoorn
70%
91,424 Leeuwarden
69%
92,403 Venlo
69%
139,914 Amersfoort
68%
119,260 Dordrecht
67%
70,741 Lelystad
67%
46,485 Middelburg
65%
95,060 Delft
62%
62,237 Assen
60%
71,952 Gouda
60%
72,725 Almelo
59%
57,010 Emmen
58%
80,809 Hengelo
55%
140,085 Zaanstad
55%
97,331 Deventer
54%
59,569 The Helder / Den Helder
54%
93,084 Heerlen
53%
83,640 Hilversum
53%
76,430 Oss
51%
115,845 Zoetermeer
51%
66,256 Bergen op Zoom
49%
67,670 Ede
49%
68,852 Hoorn
49%
77,725 Roosendaal
48%
45,273 Vlissingen
48%
74,740 Helmond
46%
44,975 Roermond
46%
48,400 Sittard
46%
71,708 Zaandam
45%
70,251 Alphen aan den Rijn
42%
79,639 Amstelveen
41%
132,734 Hoofddorp
40%
76,745 Purmerend
39%
49,906 Doetinchem
37%
60,949 Zeist
37%
49,777 Kerkrade
35%
61,489 Nieuwegein
35%
75,438 Schiedam
34%
48,980 Kampen
32%
45,610 Waalwijk
32%
74,988 Spijkenisse
30%
73,798 Vlaardingen
30%
48,662 Weert
30%
48,431 Woerden
28%
46,409 Emmeloord
26%
61,271 Veenendaal
26%
65,255 Capelle aan den IJssel
24%
47,580 Heerhugowaard
23%
45,021 Soest
22%
53,107 Oosterhout
18%
45,292 Huizen
16%
47,299 Rijswijk
16%
45,189 Ridderkerk
15%
67,758 Velsen-Zuid
14%
45,696 Zwijndrecht
14%
57,909 Hardenberg
13%
No matching quizzes found
Score Distribution
Percent of People with Each Score
Percentile by Number Answered
Your Score History
You have not taken this quiz